000 00465nam a2200169 4500
001 110324
003 ES-MaACL
005 20230906185027.0
007 t|
008 061121s1927 gt r ||||1| spa d
100 1 _aOchoa Alcántara, Antonio.
_986486
245 1 0 _aGemas /
_cAntonio Ochoa Alcántara.
250 _a2ª. ed. corr. y aum.
260 _aGuatemala :
_b[s.n.],
_c1927 (
_fTip. Latina)
300 _a102 p. ;
_c20 cm.
852 _aES-MaACL
_j1749-F-17
999 _c110324
_d110324